000 01046nam a2200265 a 4500
001 000025698
005 20240228090831.0
008 110221s1990 dr 000 0 spa d
020 _a8489536007
040 _aDO-SdBNP
_bspa
_cBNPHU
082 _a330.97293
_bC387c
100 1 _aCeara-Hatton, Miguel
_91685
245 1 0 _aCrecimiento económico y acumulación de Capital :
_bconsideraciones teóricas y empíricas en la República Dominicana /
_cMiguel Ceara Hatton.
260 _aSanto Domingo :
_bCieca,
_c1990.
300 _a187 p. ;
_c21 cm.
490 1 _aEnsayos de economía
590 _aInventariado, 2018/ YL
504 _aBibliografía : p. 179- 187
650 4 _aAhorro e inversión
_zRepública Dominicana
_922574
650 4 _aDistribución del ingreso
_zRepública Dominicana
_96293
651 4 _aRepública Dominicana
_xCondiciones Económicas
_y1961-
_97344
710 2 _aCentro de Investigación Económica (República Dominicana)
_952465
830 0 _aEnsayos de economía
_97177
910 _aValidado. Control de calidad MFF
999 _c25190
_d25190